| 000 | 00638nam a22001577a 4500 | ||
|---|---|---|---|
| 003 | OSt | ||
| 005 | 20150914094229.0 | ||
| 008 | 150914b xxu||||| |||| 00| 0 eng d | ||
| 040 | _cRUA | ||
| 082 | _aAGR HEA 2000 B022 Or.1 | ||
| 100 |
_9430 _aHEANG, DANY. |
||
| 245 | _aឥទ្ធីពលនៃកាលបរិច្ចេទដាំដុះលើពេលវេលាចេញផ្ការបស់ពួូលស្រូវធ្ងន់មួយចំនួន (effect of seeding date on heading time in some late duration rice varieties) | ||
| 260 |
_aPhnom Penh _bRUA _c2000 |
||
| 300 |
_a65p. _bill. _c29cm. |
||
| 942 |
_2ddc _cAGR |
||
| 999 |
_c408 _d408 |
||